Abraham Lincoln (Record no. 138384)

MARC details
000 -LEADER
campo de control de longitud fija 00445nam a2200157 4500
001 - NÚMERO DE CONTROL
campo de control 138384
003 - IDENTIFICADOR DE NÚMERO DE CONTROL
campo de control ES-MaACL
005 - FECHA Y HORA DE LA ÚLTIMA TRANSACCIÓN
campo de control 20230906195545.0
007 - CAMPO FIJO DE DESCRIPCIÓN FÍSICA--INFORMACIÓN GENERAL
campo de control de longitud fija t|
008 - DATOS DE LONGITUD FIJA--INFORMACIÓN GENERAL
campo de control de longitud fija 070214s1926 xxu r ||||1| eng d
100 1# - ENTRADA PRINCIPAL--NOMBRE DE PERSONA
Nombre de persona Sandburg, Carl.
9 (RLIN) 103068
245 10 - MENCIÓN DEL TÍTULO
Título Abraham Lincoln
Resto del título : the prairie years /
Mención de responsabilidad, etc. Carl Sandburg.
260 ## - PUBLICACIÓN, DISTRIBUCIÓN, ETC.
Lugar de publicación, distribución, etc. New Jersey :
Nombre del editor, distribuidor, etc. [s. n.],
Fecha de publicación, distribución, etc. 1926 (
Fabricante Quinn and Boden)
300 ## - DESCRIPCIÓN FÍSICA
Extensión 2 v. ;
Dimensiones 25 x 16 cm.
852 ## - LOCALIZACIÓN
Ubicación ES-MaACL
Número de control de estantería F-47-48
Holdings
Estatus retirado Estado de pérdida Estado de daño No para préstamo Biblioteca de origen Biblioteca actual Ubicación en estantería Fecha de adquisición Fuente de adquisición Total de préstamos Signatura topográfica completa Código de barras Visto por última vez Precio de reemplazo Tipo de ítem Koha
        Biblioteca del Ateneo de Madrid Biblioteca del Ateneo de Madrid Depósito 2 17/01/2008     F-47-48 1143998 23/02/2023 23/02/2023 Libro impreso